000 00606nam a2200193Ia 4500
008 151121s9999||||xx |||||||||||||| ||und||
082 _a813/वाघचौ
082 _bHNW-56204
100 _aवाघचौरे भीमराव
245 _aरानखळगी
260 _b"सांकेत प्रकाशन,औरंगाबाद।"
260 _c--
300 _a180
600 _aवाघचौरे भीमराव
630 _aरानखळगी
700 _aवाघचौरे भीमराव
730 _aरानखळगी
942 _cBOOK
999 _c1238810
_d1238807